|
|
|
|
| LEADER |
01754nam a2200373 i 4500 |
| 001 |
EBC5854913 |
| 003 |
MiAaPQ |
| 005 |
20191015075038.0 |
| 006 |
m o d | |
| 007 |
cr cnu|||||||| |
| 008 |
191015s2011 gw a o 000 0 ger d |
| 020 |
|
|
|z 9783832527600
|
| 020 |
|
|
|a 9783832589394
|q (electronic bk.)
|
| 035 |
|
|
|a (MiAaPQ)EBC5854913
|
| 035 |
|
|
|a (Au-PeEL)EBL5854913
|
| 035 |
|
|
|a (OCoLC)1113912392
|
| 040 |
|
|
|a MiAaPQ
|b eng
|e rda
|e pn
|c MiAaPQ
|d MiAaPQ
|
| 050 |
|
4 |
|a ML1900
|b .M634 2011
|
| 082 |
0 |
|
|a 782.12
|2 23
|
| 100 |
1 |
|
|a Model, Agnes Dorothea,
|e author.
|
| 245 |
1 |
4 |
|a Der sainete lirico :
|b funktionsanalytische Betrachtungen einer Gattung unterhaltenden Musiktheaters : Annaherungen an seine Produktion, Rezeption und Distribution im Madrid der Restaurationszeit /
|c Agnes Dorothea Model.
|
| 264 |
|
1 |
|a Berlin :
|b Logos,
|c [2011]
|
| 264 |
|
4 |
|c 2011
|
| 300 |
|
|
|a 1 online resource (416 pages) :
|b illustrations
|
| 336 |
|
|
|a text
|b txt
|2 rdacontent
|
| 337 |
|
|
|a computer
|b c
|2 rdamedia
|
| 338 |
|
|
|a online resource
|b cr
|2 rdacarrier
|
| 588 |
|
|
|a Description based on print version record.
|
| 590 |
|
|
|a Electronic reproduction. Ann Arbor, MI : ProQuest, 2018. Available via World Wide Web. Access may be limited to ProQuest affiliated libraries.
|
| 650 |
|
0 |
|a Operetta.
|
| 655 |
|
4 |
|a Electronic books.
|
| 776 |
0 |
8 |
|i Print version:
|a Model, Agnes Dorothea.
|t Sainete lirico : funktionsanalytische Betrachtungen einer Gattung unterhaltenden Musiktheaters : Annaherungen an seine Produktion, Rezeption und Distribution im Madrid der Restaurationszeit.
|d Berlin : Logos, c2011
|h 416 pages
|z 9783832527600
|
| 797 |
2 |
|
|a ProQuest (Firm)
|
| 856 |
4 |
0 |
|u https://ebookcentral.proquest.com/lib/matrademy/detail.action?docID=5854913
|z Click to View
|